Top 10 Złotej Piłki 2024 - Statystyki

Ogólne statystyki
  • Ten quiz został rozwiązany 1 030 razy
  • Średni wynik to 9 z 10
Statystyki odpowiedzi
Miejsce Piłkarz Klub Narodowość % Poprawnych
1 Rodri Manchester City Hiszpania
98%
2 Vinicius Junior Real Madryt Brazylia
97%
6 Kylian Mbappe PSG/Real Madryt Francja
92%
10 Harry Kane Bayern Monachium Anglia
87%
5 Erling Haaland Manchester City Norwegia
86%
8 Lamine Yamal FC Barcelona Hiszpania
86%
7 Lautaro Martinez Inter Mediolan Argentyna
86%
3 Jude Bellingham Real Madryt Anglia
85%
9 Toni Kroos Real Madryt Niemcy
71%
4 Dani Carvajal Real Madryt Hiszpania
69%
Nie znaleziono quizów pasujących do podanych kryteriów
Rozkład punktacji
Procent ludzi z każdym wynikiem
Percentyl według liczby udzielonych odpowiedzi
Twoja historia wyników
Nie rozwiązałeś tego quizu